000 01444cam a2200445 i 4500
001 36481
003 KOSZ 005
005 20221201092641.0
008 980914s1998 pl a f |000 0 pol d
015 _aPB 1998/11543
020 _a8385441794
040 _aWA N
_cWA N
_dKOSZ 005/HR
046 _k1998
080 _a005.2
080 _a658.1/.5
080 _a331.101
080 _a159.9
080 _a(07)
100 1 _aHaber, Lesław Henryk
_d(1943- )
_eAutor
245 1 0 _aManagement :
_bzarys zarządzania małą firmą /
_cLesław H. Haber.
250 _aWyd. 4 zm.
260 _aKraków :
_bWydaw. Profesjonalnej Szkoły Biznesu,
_ccop. 1998.
300 _a250 s. :
_brys., wykr. ;
_c23 cm.
336 _2rdacontent
_aTekst
_btxt
337 _2rdamedia
_aBez urządzenia pośredniczącego
_bn
338 _2rdacarrier
_aWolumin
_bnc
380 _aKsiążki
388 _a1901-2000
388 _a1989-2000
490 1 _aBiblioteka Menedżera.
504 _aBibliogr. s. 248-250.
650 4 _aPrzedsiębiorstwa małe i średnie (MŚP)
650 4 _aZarządzanie
655 4 _aPodręcznik
658 _aZarządzanie i marketing
710 2 _aWydawnictwo Profesjonalnej Szkoły Biznesu (Kraków)
_4pbl.
830 0 _aBiblioteka Menedżera
856 _uhttp://koha.tu.koszalin.pl/cgi-bin/koha/opac-detail.pl?biblionumber=36481
_yKatalog online BPK
942 _2UKD
_cKS
999 _c36481
_d36481